Alternatywne nazwy miast - Statystyki

Ogólne statystyki
  • Ten quiz został rozwiązany 206 razy
    204 od ostatniego zresetowania
  • Średni wynik to 10 z 24
Statystyki odpowiedzi
Nazwa alternatywna Nazwa aktualna % Poprawnych
Zimowa Stolica Polski Zakopane
88%
Konstantynopol Stambuł
83%
Leningrad Sankt Petersburg
79%
Breslau Wrocław
78%
Bombaj Mumbaj
74%
Królewiec Kaliningrad
71%
Astana Nur-Sułtan
69%
Miasto Beatlesów Liverpool
65%
Wieczne Miasto Rzym
63%
Stalinogród Katowice
45%
Wielkie Jabłko Nowy Jork
41%
Edo Tokio
31%
Sajgon Ho Chi Minh
30%
Wietrzne Miasto Chicago
28%
Léopoldville Kinszasa
25%
Guangzhou Kanton
23%
Kristiania Oslo
19%
Baile Átha Cliath Dublin
16%
Titograd Podgorica
16%
Miasto Lwa Singapur
14%
Rewel Tallinn
12%
Godthåb Nuuk
8%
Frunze Biszkek
5%
Salisbury Harare
5%
Nie znaleziono quizów pasujących do podanych kryteriów
Rozkład punktacji
Procent ludzi z każdym wynikiem
Percentyl według liczby udzielonych odpowiedzi
Twoja historia wyników
Nie rozwiązałeś tego quizu od ostatniego zresetowania